Progressive Geography Test #8 - Statistics

General Stats
  • This quiz has been taken 1,485 times
  • The average score is 12 of 20
Answer Stats
Question Answer % Correct
What is the world's largest ocean? Pacific
100%
Which country has the most native Japanese speakers? Japan
95%
What name is often given to the flag of the United Kingdom? Union Jack
90%
What is the national animal of the United States? Bald Eagle
89%
Berlin is the capital of which country? Germany
88%
Excluding polar deserts, which desert is the world's largest? Sahara
88%
What is the coldest country in the world? Canada
84%
In which city would you find the Burj Khalifa? Dubai
78%
Which country receives the most tourists annually? France
76%
What densely populated British territory borders Spain? Gibraltar
72%
Which state is Kansas City in? Missouri
68%
What volcano was responsible for the eruption which destroyed Pompeii? Mount Vesuvius
63%
What is the world's largest lake? Caspian Sea
58%
In which country does the Sultan of Oman reside? Oman
56%
What is the name of the German highway system? Autobahn
47%
But on which island did the Sultan famously live during the early 1800's? Zanzibar
31%
What is the national animal of Botswana? Zebra
20%
By Gross National Income, what is the world's poorest nation? Burundi
13%
What river does the Ponte Vecchio span? Arno
9%
What is the twin city of Albury in New South Wales? Wodonga
4%
No matching quizzes found
Score Distribution
Percent of People with Each Score
Percentile by Number Answered
Your Score History
You have not taken this quiz